Trombinoscope Brooklyn Nine-Nine - Statistiques

Statistiques générales
  • Ce quiz a été pris 78 fois
  • Le résultat moyen est 45 sur 100
Statistiques - réponses
Hint Réponse % Correct
Gina Linetti
79%
Cagney et Lacey Jeffords
79%
Amy Santiago
79%
Madeline Wuntch
79%
Beurre de cacahuète
76%
Cheddar
76%
Charles Boyle
76%
Jake Peralta
74%
Adrian Pimento
74%
Rosa Diaz
74%
Doug Judy
74%
Raymond Holt
74%
Michael Hitchcock
71%
Sharon Jeffords
71%
Nikolaj Boyle
71%
Terry Jeffords
71%
Kevin Cozner
68%
Trudy Judy
68%
Norm Scully
68%
Sophia Perez
63%
Karen Peralta
61%
Super Dan
61%
Roger Peralta
61%
David Santiago
61%
Mac Peralta
61%
Laverne Holt
58%
Melanie Hawkins
58%
Darlene Linetti
58%
Mlepnos
58%
John Kelly
55%
Kate Peralta
55%
Trevor Podolski
53%
Debbie Fogle
53%
Vivian Ludley
53%
Oscar Diaz
53%
Teddy Wells
53%
Debbie Holt
53%
Maura Figgis
53%
Marcus
50%
Lynn Boyle
50%
Eleanor Horstweil
50%
Keith Pembroke
50%
Victor Santiago
50%
Savant
47%
Lohank
47%
Seth Dozerman
47%
Shérif Reynolds
47%
Dragomir
45%
Olivia Crawford
45%
Genevieve Mirren-Carter
45%
Jimmy Figgis
45%
Camila Santiago
45%
Cindy Shatz
45%
Jeff Romero
42%
Commissaire-adjoint Podolski
42%
Gintars Irbe
42%
Julia Diaz
42%
Jocelyn Pryce
42%
Frank Dillman
42%
Milton Boyle
42%
Frank O'Sullivan
42%
Jack Danger
39%
Seamus Murphy
39%
Sal
39%
Jason Stentley
39%
Julie Kim
39%
Walter Peralta
39%
Caleb John Gosche
39%
Dr Rossi
37%
Marshal Karen Haas
37%
Bill Hummertrout
37%
Capitaine McGintley
34%
Dr. Ronald Yee
34%
Bianca
34%
Officier Lou
34%
Dave Majors
29%
Rebecca Lubbock / Ava Watson
26%
Melvin Stermley
26%
Jimmy Brogan
26%
Zeke
26%
Alicia
26%
Dr. Porp
26%
Jean Munhroe
24%
Stevie Schillens
21%
Marshal Boone
21%
Gordon Lundt
21%
Dario Moretti
18%
Andrew Miller
18%
William Tate
18%
Geoffrey Hoytsman
18%
Dustin Whitman
18%
Veronica Hopkins
18%
Sam Malone
16%
Gary Jennings
11%
Sergent Knox
11%
Rob Dulubnik
11%
Michael Augustine
8%
Philip Davidson
8%
Warden Granville
8%
Mark Devereaux
5%
Aucun quiz correspondant
Distribution des résultats
% des personnes avec chaque résultat
Percentile par nombre de réponses
Votre historique - résultats
Vous n’avez pas pris ce quiz